000 00479nam a2200181Ia 4500
005 20250508155043.0
008 008 250505s9999 xx 000 0 hin d
037 _aTextual
040 _aFEDL
_beng
_cFEDL
041 _ahin
_2eng
084 _a371.2, NCE
_qFEDL
245 0 _aBunyadi school ke liye patthyacharya ka nirman
245 0 _cNCERT
300 _a66p.
650 _aSchool Administration
942 _cTEXL
_h371.2, NCE
999 _c1353709
_d1353709